000 00298nam a22001337a 4500
008 170529b xxu||||| |||| 00| 0 eng d
020 _a9780534522360
041 _aeng
080 _24TH
_a93
100 _a16
101 _aSHH
245 _aPUBLIC RELATIONS CASES
_cHENDRIX, J.A
942 _2udc
_cBK
999 _c14934
_d14934